Entre el sufrimiento y la alegría : nuestra experiencia actual y la experiencia de Jesús de Nazaret /

Bibliographic Details
Main Author: Cabestrero, Teófilo (Author)
Format: Electronic eBook
Language:Spanish
Published: Bilbao : Desclée De Brouwer, 2014.
Subjects:
Online Access:Digitalia Hispánica

MARC

LEADER 00000nam a2200000 i 4500
001 DIGDESCL0094
003 NyNyDIG
006 m o d
007 cr |||||||||||
008 231119s2014 sp ob 000 0 spa d
035 |a (OCoLC)1410557506 
040 |a DGITA  |b eng  |e rda  |e pn  |c DGITA 
020 |a 9788433036711  |q eBook 
020 |z 9788433023582 
050 1 4 |a BT732.7 ebook 
100 1 |a Cabestrero, Teófilo,  |e author. 
245 1 0 |a Entre el sufrimiento y la alegría :  |b nuestra experiencia actual y la experiencia de Jesús de Nazaret /  |c Teófilo Cabestrero. 
264 1 |a Bilbao :  |b Desclée De Brouwer,  |c 2014. 
300 |a 1 online resource. 
336 |a text  |b txt  |2 rdacontent 
337 |a computer file  |b c  |2 rdamedia 
338 |a online resource  |b cr  |2 rdacarrier 
347 |a text file  |2 rdaft 
347 |b EPUB 
504 |a Includes bibliographical references. 
588 0 |a Online resource; title from ePub title page (Digitalia, viewed November 19, 2023) 
600 1 0 |a Jesus Christ. 
650 0 |a Suffering  |x Religious aspects  |x Christianity. 
650 0 |a Religion. 
650 0 |a Christian life. 
776 0 8 |i Print version:  |a Cabestrero, Teófilo.  |t Entre el sufrimiento y la alegría.  |d Bilbao : Desclée De Brouwer, [2009]  |z 9788433023582 
791 2 |a Digitalia (Firm),  |e distributor. 
793 0 |g Digitalia eBook Collection:  |a Editorial Desclée De Brouwer 
856 4 0 |3 Digitalia Hispánica  |u https://www.digitaliapublishing.com/a/84158/ 
910 |a Premium collection: 2023